Automobilový priemysel čakajú zmeny
Potreba znižovania emisií a s tým súvisiaci prechod na iné formy mobility. Vplyv geopolitických a ekonomických zmien. Koncept mobility budúcnosti - vozidlá na alternatívny pohon, prechod na autonómne riadenie. Vodík ako palivo budúcnosti.
Na minha lista:
| Autor principal: | |
|---|---|
| Formato: | Capítulo de Livro |
| Idioma: | eslovaco |
| Assuntos: | |
| Tags: |
Sem tags, seja o primeiro a adicionar uma tag!
|
MARC
| LEADER | 00000naa a2200000 4500 | ||
|---|---|---|---|
| 001 | 0253765 | ||
| 005 | 20190521150907.0 | ||
| 041 | 0 | |a slo | |
| 044 | |a CZ | ||
| 245 | 1 | 0 | |a Automobilový priemysel čakajú zmeny |c Jozef Brezovský |
| 520 | |a Potreba znižovania emisií a s tým súvisiaci prechod na iné formy mobility. Vplyv geopolitických a ekonomických zmien. Koncept mobility budúcnosti - vozidlá na alternatívny pohon, prechod na autonómne riadenie. Vodík ako palivo budúcnosti. | ||
| 610 | 2 | 0 | |a priemysel automobilový |
| 610 | 2 | 0 | |a automobily osobné |
| 610 | 2 | 0 | |a elektromobily |
| 610 | 2 | 0 | |a palivá |
| 610 | 2 | 0 | |a hmoty pohonné |
| 610 | 2 | 0 | |a emisie |
| 100 | 1 | |a Brezovský, Jozef | |